Twenty One Pilots Alphabet - Statistics

General Stats
  • This quiz has been taken 313 times
  • The average score is 16 of 20
Answer Stats
Hint # Answer % Correct
C 8 A Car, A Torch, A Death/Car Radio/Chlorine/Choker/Christmas Saves The Year/Clear/The Craving/Cut My Lip
94%
H 6 Heathens/Heavydirtysoul/Holding On to You/Hometown/House of Gold/The Hype
91%
B 5 Backslide/Bandito/Be Concerned/Before You Start Your Day/Bounce Man
90%
A 4 Addict with a Pen/Air Catcher/Anathema/At the Risk of Feeling Dumb
88%
M 7 March to the Sea/Message Man/Midwest Indigo/Migraine/Morph/Mulberry Street/My Blood
88%
N 7 Navigating/Neon Gravestones/Never Take It/Next Semester/Nico and the Niners/No Chances/Not Today
87%
F 6 Fairly Local/Fake You Out/Fall Away/Forest/Formidable/Friend, Please
86%
L 8 Lane Boy/Lavish/Leave the City/Legend/Level of Concern/Levitate/The Line/Lovely
86%
O 5 Ode to Sleep/Oh Ms. Believer/Oldies Station/The Outside/Overcompensate
85%
S 8 Saturday/Screen/Semi-Automatic/Shy Away/Slowtown/Smithereens/Snap Back/Stressed Out
85%
G 4 Glowing Eyes/Goner/Good Day/Guns For Hands
84%
J 3 Johnny Boy/The Judge/Jumpsuit
84%
R 5 Redecorate/Ride/Routines in the Night/Ruby/The Run and Go
83%
P 4 The Pantaloon/Paladin Strait/Pet Cheetah/Polarize
82%
T 7 Taxi Cab/Tear in My Heart/Time to Say Goodbye/Trapdoor/Trees/Truce/Two
79%
W 1 We Don't Believe What's on TV
65%
D 1 Doubt
64%
V 1 Vignette
64%
I 2 Implicit Demand for Proof/Isle of Flightless Birds
63%
K 1 Kitchen Sink
47%
No matching quizzes found
Score Distribution
Percent of People with Each Score
Percentile by Number Answered
Your Score History
You have not taken this quiz